000
00292nam a22001217a 4500
008
180803b xxu||||| |||| 00| 0 eng d
082
_a
813.52
245
_a
May be the Greatest Film ever made
_c
Vigo,J
260
_c
1990
300
_a
1
_f
Cassette
440
_x
717119054236
942
_2
ddc
_c
MX
999
_c
46751
_d
46751